[Event "CZE-ch Juniors op-A"]
[Site "Zlate Hory"]
[Date "2006.03.14"]
[Round "4"]
[White "Uricar, Zdenek"]
[Black "Kracik, Martin"]
[Result "1-0"]
[WhiteElo "2031"]
[BlackElo "1868"]
[PlyCount "75"]
[EventDate "2006.03.11"]
[EventType "swiss"]
[EventRounds "9"]
[EventCountry "CZE"]
[SourceTitle "EXT 2008"]
[Source "ChessBase"]
[SourceDate "2007.11.25"]
[SourceVersion "1"]
[SourceVersionDate "2007.11.25"]
[SourceQuality "1"]

1. e4 c5 2. Nf3 Nc6 3. d4 cxd4 4. Nxd4 Nf6 5. Nc3 e5 6. Ndb5 d6 7. Bg5 a6 8. Na3 b5 9. Bxf6 gxf6 10. Nd5 f5 11. Bd3 f4 12. c3 Bg7 13. Qh5 Ne7 14. Nxe7 Qxe7 15. Nc2 Be6 16. Nb4 Qb7 17. Qe2 0-0 18. 0-0 Rac8 19. a4 a5 20. Nd5 Bxd5 21. exd5 b4 22. Ba6 Qxd5 23. Bxc8 Rxc8 24. cxb4 axb4 25. Rac1 Rc5 26. Rxc5 Qxc5 27. Qb5 Qd4 28. b3 e4 29. Qc4 Qxc4 30. bxc4 Bd4 31. Rd1 Bc5 32. a5 Kf8 33. a6 Ke7 34. Rb1 e3 35. fxe3 fxe3 36. Kf1 Kd7 37. Rxb4 Kc6 38. Rb7 1-0

[Event "Bohemia South-chT 0405"]
[Site "Czech Republic"]
[Date "2005.??.??"]
[Round "?"]
[White "Uricar, Zdenek"]
[Black "Pesa, Ladislav"]
[Result "1/2-1/2"]
[WhiteElo "1820"]
[BlackElo "1915"]
[PlyCount "41"]
[EventDate "2004.10.??"]
[EventType "team"]
[EventRounds "11"]
[EventCountry "CZE"]
[SourceTitle "EXT 2007"]
[Source "ChessBase"]
[SourceDate "2006.11.23"]
[SourceVersion "1"]
[SourceVersionDate "2006.11.23"]
[SourceQuality "1"]

1. e4 Nf6 2. Nc3 d5 3. exd5 Nxd5 4. Bc4 e6 5. Qf3 Nb6 6. Bb3 Nc6 7. Nge2 Be7 8. 0-0 0-0 9. d3 Ne5 10. Qe4 Ng6 11. a4 Nd7 12. Nf4 Nc5 13. Qe2 Nxb3 14. cxb3 b6 15. Nxg6 hxg6 16. Qe4 Ba6 17. Rd1 Qd7 18. d4 c6 19. Be3 Rfd8 20. Qc2 Bb7 21. f3 1/2-1/2

[Event "CZE-ch opA U18"]
[Site "Frymburk"]
[Date "2002.??.??"]
[Round "7"]
[White "Klupka, Ondrej"]
[Black "Uricar, Zdenek"]
[Result "1/2-1/2"]
[WhiteElo "1594"]
[BlackElo "1837"]
[PlyCount "82"]
[EventDate "2002.03.??"]
[EventType "swiss"]
[EventRounds "8"]
[EventCountry "CZE"]
[SourceTitle "EXT 2004"]
[Source "ChessBase"]
[SourceDate "2003.11.25"]
[SourceVersion "1"]
[SourceVersionDate "2003.11.25"]
[SourceQuality "1"]

1. e4 c5 2. Nf3 Nc6 3. d4 cxd4 4. Nxd4 Nf6 5. Nc3 e5 6. Ndb5 d6 7. Bg5 a6 8. Na3 b5 9. Nd5 h6 10. Bxf6 gxf6 11. c3 f5 12. f3 fxe4 13. fxe4 Qh4+ 14. Kd2 Ra7 15. Qf3 Bg7 16. Be2 0-0 17. Qe3 Rb7 18. g3 Qh3 19. Nc2 f5 20. Raf1 Be6 21. Rf3 Bxd5 22. exd5 Ne7 23. g4 Qxg4 24. Rg1 f4 25. Rxg4 fxe3+ 26. Nxe3 Rxf3 27. Bxf3 Kf7 28. Kc2 Bf6 29. a4 Bg5 30. Nd1 Bf4 31. h3 bxa4 32. Be4 a5 33. Nf2 Be3 34. Nd3 Rb5 35. c4 Rb8 36. Rg3 Bd4 37. Rf3+ Kg8 38. Rg3+ Kh8 39. Rf3 Kg7 40. Rg3+ Kf7 41. Rf3+ Kg7 1/2-1/2